000 00319nam a2200133Ia 4500
008 231129s1980||||xx |||||||||||||| ||spa||
040 _bspa
082 _a070.44 G216cu
100 _aGarcia Marquez Gabriel
245 0 _aCuando era feliz e indocumentado
260 _c1980
264 _aOveja Negra
942 _2ddc
_cBKS
999 _c8375
_d8375